LEADER 01227cas 2200397 4500 001 990000336480203316 005 20110127151751.0 011 $a0921-4526 035 $a0033648 035 $aUSA010033648 035 $a(ALEPH)000033648USA01 035 $a0033648 100 $a20010207d1988----km-y0ENGy0103----ba 101 $aeng 102 $aNL 110 $aazazz--|||| 200 1 $aPhysica. B$eCondensed matter 207 1$aA.1, n.1(1988)- 210 $aAmsterdam$cNorth-Holland$d1988- 215 $av.$cill.$d27 cm 326 $aPubblica 28 numeri l'anno 430 1$10010033651$12001$aPhysica B+C 676 $a530.5 801 0$aIT$bsalbc$gISBD 856 4$uhttp://periodici.caspur.it/cgi-bin/sciserv.pl?collection=journals&issn=09214526$4.$zOn line da workstation autorizzate 912 $a990000336480203316 958 $aSCI$bPER IV$c1988-$l1992;2003; 959 $aSE 979 $aPATTY$b90$c20010207$lUSA01$h1154 979 $c20020403$lUSA01$h1641 979 $aPATRY$b90$c20040406$lUSA01$h1623 979 $aMANCUSO$b90$c20110118$lUSA01$h1347 979 $aMANCUSO$b90$c20110127$lUSA01$h1516 979 $aMANCUSO$b90$c20110127$lUSA01$h1517 996 $aPhysica B$9789543 997 $aUNISA LEADER 01801nam 2200361 n 450 001 996392862203316 005 20221108021300.0 035 $a(CKB)4940000000110376 035 $a(EEBO)2240941669 035 $a(UnM)99866634 035 $a(EXLCZ)994940000000110376 100 $a19940413d1656 uy | 101 0 $aeng 135 $aurbn||||a|bb| 200 10$aMr. Bidle's conffession of faith, touching the Holy Trinity$b[electronic resource] $ewherein his chief designe to overthrow that sacred mystery and the deity of our blessed saviour is examined and confuted. With VII. arguments to prove the deity of the Son of God. /$fBy Nicholas Estwick, B.D. sometimes fellow of Christs Colldege in Cambrig, and now minister of Gods word at Warkton in Northampton Shire 210 $aLondon, $cPrinted by Tho. Maxey for Nath. Ekins, at the Gun neer the West-end of Pauls$d1656 215 $a[26], 304 [i.e. 292], 273-477, [9] p 300 $aThe first sequence of pagination is lacking pages 57-64, 296-297, 302-303 and pagination is irregular beginning at page 295. Text is continuous despite pagination. 300 $aA reply to Biddle, John. A confession of faith touching the Holy Trinity, according to the Scripture. 300 $aAnnotation on Thomason copy: "Jan. 22: 1655"; also the last number of the imprint date has been marked through. 300 $aReproduction of the original in the British Library. 330 $aeebo-0018 606 $aTrinity$vEarly works to 1800 615 0$aTrinity 700 $aEstwick$b Nicolas$01002080 801 0$bCu-RivES 801 1$bCu-RivES 801 2$bCStRLIN 801 2$bWaOLN 906 $aBOOK 912 $a996392862203316 996 $aMr. Bidle's conffession of faith, touching the Holy Trinity$92337524 997 $aUNISA